Cultura general por letra - R - Estadísticas

Estadísticas generales
  • Esta prueba ha sido intentada 4.897 veces
    3.870 desde el último reinicio
  • La puntuación promedio es 13 de 20
Estadísticas de respuestas
Pista Respuesta % Correcto
Objeto cotidiano que mide el tiempo Reloj
99%
Animal grande de África, con cuernos en la nariz Rinoceronte
92%
Cirugía estética de la nariz Rinoplastia
92%
Río en inglés River
92%
Ciudad supuestamente fundada por los hermanos Rómulo y Remo Roma
89%
Ladrón legendario que robaba a los ricos para dar a los pobres Robin Hood
87%
Comercio donde se sirven comidad y bebidas Restaurante
86%
Capital de Marruecos Rabat
81%
Cantante barbadense de «Umbrella» y «Disturbia» Rihanna
74%
Nombre de pila del Cid Campeador Rodrigo
62%
Místico ruso con grand influencia en los zares Rasputín
61%
Moneda de Rusia Rublo
61%
Actor canadiense que interpreta a Deadpool Ryan Reynolds
53%
Hermano de Fidel Castro Raúl Castro
52%
Actor estadounidense, que después se convirtió en presidente Ronald Reagan
50%
Activista que desafió la segregación al no ceder su asiento de autobús a una persona blanca Rosa Parks
42%
Novela de George Orwell, es una sátira de la Revolución Rusa Rebelión en la granja
37%
Pintor neerlandés del Siglo de Oro Rembrandt
34%
Apellido de una influyente familia de magnates del petróleo Rockefeller
30%
Patrocinador del estadio de Atlético de Madrid, indicado por su nombre oficial Riyadh Air
26%
No se encontraron pruebas coincidentes
Distribución de puntuación
Porcentaje de gente con cada puntuación
Porcentaje por número respondido
Historial de tus puntuaciones
No has intentado esta prueba desde el último reinicio